Nature by design : (Record no. 8270)

000 -LEADER
fixed length control field 02378cam a22003377i 4500
003 - CONTROL NUMBER IDENTIFIER
control field OSt
005 - DATE AND TIME OF LATEST TRANSACTION
control field 20201015135406.0
008 - FIXED-LENGTH DATA ELEMENTS--GENERAL INFORMATION
fixed length control field 170524t20182018ctua b 001 0 eng d
010 ## - LIBRARY OF CONGRESS CONTROL NUMBER
LC control number 2017943458
020 ## - INTERNATIONAL STANDARD BOOK NUMBER
International Standard Book Number 0300214537
020 ## - INTERNATIONAL STANDARD BOOK NUMBER
International Standard Book Number 9780300214536
035 ## - SYSTEM CONTROL NUMBER
System control number (OCoLC)on1002679826
082 04 - DEWEY DECIMAL CLASSIFICATION NUMBER
Classification number 720/.47
Edition number 23
Item number KEL
100 1# - MAIN ENTRY--PERSONAL NAME
Personal name Kellert, Stephen R.,
Relator term author.
245 10 - TITLE STATEMENT
Title Nature by design :
Remainder of title the practice of biophilic design /
Statement of responsibility, etc Stephen R. Kellert.
300 ## - PHYSICAL DESCRIPTION
Extent x, 214 pages :
Other physical details illustrations (chiefly color) ;
Dimensions 20 x 27 cm
504 ## - BIBLIOGRAPHY, ETC. NOTE
Bibliography, etc Includes bibliographical references and index.
505 0# - FORMATTED CONTENTS NOTE
Formatted contents note One Biophilia: The Nature of Human Nature -- Two: principles of biophilic design -- Three: The practice of biophilic design -- Four: Biophilic design applications -- Epilogue: The ecological and ethical imperative.
520 ## - SUMMARY, ETC.
Summary, etc "Biophilia is the theory that people possess an inherent affinity for nature, which developed during the long course of human evolution. In recent years, studies have revealed that this inclination continues to be a vital component to human health and well-being. Given the pace and scale of construction today and the adversarial, dominative relationship with nature expressed by much building development, the integration of nature with our built environments is one of the greatest challenges of our time. In this sweeping examination, Stephen Kellert describes the basic principles, practices, and options for successfully implementing biophilic design. He shows us what is-and isn't-good biophilic design using examples of workplaces, healthcare facilities, schools, commercial centers, religious structures, and hospitality settings. This book will to appeal to architects, designers, engineers, scholars of human evolutionary biology, and-with more than one hundred striking images of designs-anyone interested in nature-inspired spaces."--
650 #0 - SUBJECT ADDED ENTRY--TOPICAL TERM
Topical term or geographic name as entry element Architecture
General subdivision Environmental aspects.
650 #0 - SUBJECT ADDED ENTRY--TOPICAL TERM
Topical term or geographic name as entry element Architecture
General subdivision Human factors.
650 #0 - SUBJECT ADDED ENTRY--TOPICAL TERM
Topical term or geographic name as entry element Organic architecture.
650 #0 - SUBJECT ADDED ENTRY--TOPICAL TERM
Topical term or geographic name as entry element Sustainable architecture.
650 #0 - SUBJECT ADDED ENTRY--TOPICAL TERM
Topical term or geographic name as entry element Nature
General subdivision Psychological aspects.
650 #7 - SUBJECT ADDED ENTRY--TOPICAL TERM
Topical term or geographic name as entry element Architecture
General subdivision Environmental aspects.
Source of heading or term fast
650 #7 - SUBJECT ADDED ENTRY--TOPICAL TERM
Topical term or geographic name as entry element Architecture
General subdivision Human factors.
Source of heading or term fast
650 #7 - SUBJECT ADDED ENTRY--TOPICAL TERM
Topical term or geographic name as entry element Nature
General subdivision Psychological aspects.
Source of heading or term fast
650 #7 - SUBJECT ADDED ENTRY--TOPICAL TERM
Topical term or geographic name as entry element Organic architecture.
Source of heading or term fast
650 #7 - SUBJECT ADDED ENTRY--TOPICAL TERM
Topical term or geographic name as entry element Sustainable architecture.
Source of heading or term fast
942 ## - ADDED ENTRY ELEMENTS (KOHA)
Source of classification or shelving scheme
Holdings
Withdrawn status Lost status Source of classification or shelving scheme Damaged status Koha normalized classification for sorting Not for loan Permanent location Current location Date acquired Total Checkouts Full call number Barcode Date last seen Date last borrowed Price effective from Koha item type
        720_000000000000000__47_KEL   BMS College of Architecture, Design and Planning BMS College of Architecture, Design and Planning 2020-10-15 5 720/.47 KEL AR-UG1934 2025-07-22 2025-01-29 2020-10-15 UG Books
Copyright © 2025, The Librarian, Library and Information Centre, BMSCA D&P, Bengaluru. All Rights Reserved
web counter

Powered by Koha